Football Teams Mark Bosnich Played For - Statistics

General Stats
  • This quiz has been taken 9 times
  • The average score is 4 of 6
Answer Stats
League Years Team % Correct
England 1999-2001 Manchester United
100%
Australia 2009-2010 Sydney Olympic FC
71%
Australia 1991-1992 Sydney United 58 FC
71%
England 1992-1999 Aston Villa
57%
Australia 2008-2009 Central Coast Mariners
57%
England 2001-2003 Chelsea FC
43%
No matching quizzes found
Score Distribution
Percent of People with Each Score
Percentile by Number Answered
Your Score History
You have not taken this quiz